<?xml version="1.0" encoding="UTF-8"?>
<record
    xmlns:xsi="http://www.w3.org/2001/XMLSchema-instance"
    xsi:schemaLocation="http://www.loc.gov/MARC21/slim http://www.loc.gov/standards/marcxml/schema/MARC21slim.xsd"
    xmlns="http://www.loc.gov/MARC21/slim">

  <leader>00549nam a2200181Ia 4500</leader>
  <controlfield tag="003">OSt</controlfield>
  <controlfield tag="005">20221003093710.0</controlfield>
  <controlfield tag="008">211119s9999||||xx |||||||||||||| ||und||</controlfield>
  <datafield tag="020" ind1=" " ind2=" ">
    <subfield code="a">9789350132760</subfield>
  </datafield>
  <datafield tag="040" ind1=" " ind2=" ">
    <subfield code="c">SBCL</subfield>
  </datafield>
  <datafield tag="082" ind1=" " ind2=" ">
    <subfield code="a">371.1</subfield>
    <subfield code="b">KAU-U</subfield>
  </datafield>
  <datafield tag="100" ind1=" " ind2=" ">
    <subfield code="a">Kautilya, K</subfield>
  </datafield>
  <datafield tag="245" ind1=" " ind2="0">
    <subfield code="a">Upkar`s UGC Net/jrf/set Teaching &amp; Research Aptitude</subfield>
  </datafield>
  <datafield tag="260" ind1=" " ind2=" ">
    <subfield code="b">Upkar Prakashan</subfield>
    <subfield code="a">2012</subfield>
    <subfield code="c">Agra</subfield>
  </datafield>
  <datafield tag="300" ind1=" " ind2=" ">
    <subfield code="a">4716</subfield>
  </datafield>
  <datafield tag="650" ind1=" " ind2=" ">
    <subfield code="a">Social Science</subfield>
    <subfield code="v">Schools &amp; their activities; special educationGeneralia</subfield>
    <subfield code="x">Post Graduate Reference</subfield>
    <subfield code="2">UGC GENERAL PAPER</subfield>
  </datafield>
  <datafield tag="942" ind1=" " ind2=" ">
    <subfield code="c">BOOK</subfield>
  </datafield>
  <datafield tag="952" ind1=" " ind2=" ">
    <subfield code="0">0</subfield>
    <subfield code="1">0</subfield>
    <subfield code="2">ddc</subfield>
    <subfield code="4">0</subfield>
    <subfield code="7">0</subfield>
    <subfield code="a">SBCL</subfield>
    <subfield code="b">SBCL</subfield>
    <subfield code="c">10</subfield>
    <subfield code="d">2022-10-03</subfield>
    <subfield code="g">285.00</subfield>
    <subfield code="l">0</subfield>
    <subfield code="o">371.26 KAU-T</subfield>
    <subfield code="p">00128367</subfield>
    <subfield code="r">2022-10-03 00:00:00</subfield>
    <subfield code="t">1</subfield>
    <subfield code="w">2022-10-03</subfield>
    <subfield code="y">BOOK</subfield>
    <subfield code="z">UGC GENERAL PAPER</subfield>
  </datafield>
  <datafield tag="952" ind1=" " ind2=" ">
    <subfield code="0">0</subfield>
    <subfield code="1">0</subfield>
    <subfield code="2">ddc</subfield>
    <subfield code="4">0</subfield>
    <subfield code="7">0</subfield>
    <subfield code="a">SBCL</subfield>
    <subfield code="b">SBCL</subfield>
    <subfield code="c">10</subfield>
    <subfield code="d">2022-10-03</subfield>
    <subfield code="g">285.00</subfield>
    <subfield code="l">0</subfield>
    <subfield code="o">371.26 KAU-T</subfield>
    <subfield code="p">00128368</subfield>
    <subfield code="r">2022-10-03 00:00:00</subfield>
    <subfield code="t">2</subfield>
    <subfield code="w">2022-10-03</subfield>
    <subfield code="y">BOOK</subfield>
    <subfield code="z">UGC GENERAL PAPER</subfield>
  </datafield>
  <datafield tag="952" ind1=" " ind2=" ">
    <subfield code="0">0</subfield>
    <subfield code="1">0</subfield>
    <subfield code="2">ddc</subfield>
    <subfield code="4">0</subfield>
    <subfield code="7">0</subfield>
    <subfield code="a">SBCL</subfield>
    <subfield code="b">SBCL</subfield>
    <subfield code="c">10</subfield>
    <subfield code="d">2022-10-03</subfield>
    <subfield code="g">285.00</subfield>
    <subfield code="o">371.26 KAU-T</subfield>
    <subfield code="p">00128366</subfield>
    <subfield code="r">2022-10-04 00:00:00</subfield>
    <subfield code="t">3</subfield>
    <subfield code="w">2022-10-03</subfield>
    <subfield code="y">BOOK</subfield>
    <subfield code="z">UGC GENERAL PAPER</subfield>
  </datafield>
  <datafield tag="999" ind1=" " ind2=" ">
    <subfield code="c">114908</subfield>
    <subfield code="d">114908</subfield>
  </datafield>
</record>
